[Event "73rd ch-RUS w 2023"]
[Site "St Petersburg RUS"]
[Date "2023.10.01"]
[Round "1"]
[White "Goltseva,Ekaterina"]
[Black "Gunina,V"]
[Result "1/2-1/2"]
[WhiteElo "2338"]
[BlackElo "2439"]
[EventDate "2023.10.01"]

1. d4 d5 2. c4 c6 3. Nf3 Nf6 4. Nc3 dxc4 5. e4 b5 6. Be2 e6 7. O-O Be7 8.
a4 b4 9. e5 bxc3 10. exf6 Bxf6 11. bxc3 O-O 12. Ne5 Nd7 13. Ba3 Re8 14.
Nxc4 Be7 15. Nd6 Rf8 16. Bd3 Nf6 17. Nc4 Bxa3 18. Rxa3 Qe7 19. Rb3 c5 20.
Ne5 cxd4 21. Qf3 Bd7 22. Rb7 Qd6 23. Nxd7 Nxd7 24. cxd4 Nf6 25. Rd1 Rfd8
26. a5 Rac8 27. h3 Rc7 28. a6 h6 29. Rdb1 Rcd7 30. Rxd7 Qxd7 31. Qf4 Nd5
32. Qe4 f5 33. Qe5 Nb6 34. Rc1 Qd6 35. Qe2 Kf7 36. Bb5 Qxd4 37. Rc7+ Kf6
38. Rxa7 Na4 39. Qe3 Nc3 40. Qxd4+ Rxd4 41. Rd7 Nd5 42. a7 Rd1+ 43. Kh2 Ra1
44. Bc6 Nb6 45. Rc7 Ra2 46. f4 g5 47. fxg5+ hxg5 48. Bf3 Nd5 49. Rd7 Ke5
50. Kg3 Nf6 51. Rb7 Ne4+ 52. Kh2 Ra1 53. g3 Ra2+ 54. Kg1 Kd4 55. Bg2 Kc5
56. Rg7 Kd4 57. h4 f4 58. Bxe4 Kxe4 59. hxg5 e5 60. Rf7 Kf3 61. gxf4 exf4
62. g6 Kg3 63. Kf1 f3 64. Ke1 f2+ 65. Rxf2 Rxa7 66. Rf7 Ra8 67. g7 Rg8 68.
Ke2 1/2-1/2

[Event "73rd ch-RUS w 2023"]
[Site "St Petersburg RUS"]
[Date "2023.10.01"]
[Round "1"]
[White "Garifullina,Leya"]
[Black "Badelka,Olga"]
[Result "1-0"]
[WhiteElo "2402"]
[BlackElo "2386"]
[EventDate "2023.10.01"]

1. e4 c5 2. Nf3 Nc6 3. Bb5 e6 4. O-O Nge7 5. d4 cxd4 6. Nxd4 Qb6 7. Nxc6
bxc6 8. Be2 Ng6 9. c4 Be7 10. Nc3 O-O 11. Rb1 c5 12. Be3 Qc7 13. f4 Bb7 14.
Bd3 d6 15. Qh5 Rfe8 16. Rf3 Bf6 17. Rbf1 Bxc3 18. bxc3 f6 19. Rh3 Nf8 20.
e5 f5 21. exd6 Qxd6 22. Bc2 Rab8 23. Rg3 Qe7 24. Ba4 Rec8 25. Bc1 Be4 26.
Re3 Rd8 27. Qe2 Nd7 28. Re1 Nf6 29. g4 Ne8 30. Rxe4 fxe4 31. Qxe4 Nd6 32.
Qe2 Qf6 33. Qf3 Kh8 34. Bc2 Qh4 35. Re5 Nxc4 36. Rh5 Qe1+ 37. Qf1 Qxf1+ 38.
Kxf1 Rd5 39. Rxh7+ Kg8 40. Rh3 Rbd8 41. Ke1 Nb6 42. Re3 Kf7 43. h4 c4 44.
h5 Ra5 45. Bg6+ Kg8 46. a3 Nd5 47. Rxe6 Nxc3 48. Rc6 Rad5 49. Kf2 Rd1 50.
Be3 Ra1 51. Bc5 Nd5 52. Kg3 c3 53. Bd6 Rg1+ 54. Kf3 Rf1+ 55. Ke4 Nf6+ 56.
Kf5 Nd5 57. Kg5 Rc1 58. Be5 Rf8 59. Bf5 Nf6 60. Kg6 c2 61. h6 Re8 62. hxg7
Rg1 63. Bxc2 Nd5 64. Bb3 Rxg4+ 65. Kf5 1-0

[Event "73rd ch-RUS w 2023"]
[Site "St Petersburg RUS"]
[Date "2023.10.01"]
[Round "1"]
[White "Matveeva,O"]
[Black "Shukhman,Anna"]
[Result "0-1"]
[WhiteElo "2160"]
[BlackElo "2232"]
[EventDate "2023.10.01"]

1. c4 e5 2. g3 Nc6 3. Bg2 f5 4. Nc3 Nf6 5. b3 d6 6. Bb2 Be7 7. e3 O-O 8.
Nge2 e4 9. d4 Nb4 10. O-O Nd3 11. Qd2 Nxb2 12. Qxb2 c6 13. Rac1 Be6 14. d5
Bf7 15. Nd4 Qd7 16. Bh3 g6 17. dxc6 bxc6 18. Rfd1 c5 19. Nde2 g5 20. Na4
Qe6 21. Nec3 Bh5 22. Rd2 Nd7 23. Nd5 Ne5 24. Bg2 Bd8 25. h3 Qh6 26. Nac3
Nf3+ 27. Kf1 Nxd2+ 28. Qxd2 Bf3 29. b4 Qe6 30. a3 Rb8 31. Kg1 Rb7 32. Na4
Bb6 33. Kh2 Bh5 34. Nac3 Bd8 35. Na4 Be8 36. Nac3 Qe5 37. Kg1 Rg7 38. Ne2
Bh5 39. b5 Ba5 40. Qc2 Bf3 41. Bf1 f4 42. Kh2 Bxe2 43. Qxe2 fxg3+ 44. fxg3
Rgf7 45. Bg2 Rf2 46. Qg4 Rxg2+ 0-1

[Event "73rd ch-RUS w 2023"]
[Site "St Petersburg RUS"]
[Date "2023.10.01"]
[Round "1"]
[White "Pogonina,N"]
[Black "Bivol,A"]
[Result "0-1"]
[WhiteElo "2432"]
[BlackElo "2373"]
[EventDate "2023.10.01"]

1. d4 d5 2. c4 e6 3. Nf3 Nf6 4. Bg5 Be7 5. e3 h6 6. Bh4 O-O 7. Nc3 dxc4 8.
Bxc4 c5 9. O-O cxd4 10. Nxd4 a6 11. Be2 e5 12. Nb3 Nc6 13. Bf3 Qe8 14. Bxf6
Bxf6 15. Rc1 Be6 16. Ne4 Rd8 17. Nxf6+ gxf6 18. Qc2 Nb4 19. Qb1 b6 20. a3
Nd5 21. Nd2 f5 22. Rfd1 Nf6 23. Be2 b5 24. Nf3 Rxd1+ 25. Rxd1 Qb8 26. h3
Rc8 27. Rc1 Rxc1+ 28. Qxc1 Qd6 29. Qc3 Nd7 30. b4 Kg7 31. g3 Kh7 32. Kh2
Qd5 33. Kg2 Qd6 34. Qc2 Kg6 35. Kg1 Kf6 36. Nh4 e4 37. Ng2 Ne5 38. Nf4 Bc4
39. Kf1 Ke7 40. Bxc4 Nxc4 41. a4 Kf8 42. axb5 axb5 43. g4 fxg4 44. hxg4
Qxb4 45. Kg2 Qe7 46. Kh3 Ke8 47. Qa2 Qb7 48. Qb3 Kd7 49. Qb4 Nd6 50. Nh5
Qc6 51. Qd4 Qc4 52. Qa7+ Kc8 53. Kg2 Qe6 54. Qa6+ Kc7 55. Qa7+ Nb7 56. Ng3
Qxg4 57. Qd4 Qd7 58. Qe5+ Kb6 59. Nxe4 b4 60. Nf6 Qc6+ 61. Nd5+ Kb5 62. e4
Nd6 63. Nc7+ Kb6 64. Nd5+ Kb5 65. Nc7+ Kc4 66. Nd5 Qc5 67. f3 Nb5 68. Qb2
Nc3 69. Nxc3 bxc3 70. Qa2+ Kd3 71. Qa6+ Qc4 72. Qd6+ Ke2 73. Qxh6 c2 74.
Qc1 Qd3 75. Qb2 Kd1 0-1

[Event "73rd ch-RUS w 2023"]
[Site "St Petersburg RUS"]
[Date "2023.10.01"]
[Round "1"]
[White "Korneva,Marina"]
[Black "Shuvalova,Polina"]
[Result "1/2-1/2"]
[WhiteElo "2361"]
[BlackElo "2506"]
[EventDate "2023.10.01"]

1. d4 Nf6 2. c4 e6 3. Nc3 Bb4 4. Qc2 c5 5. dxc5 O-O 6. a3 Bxc5 7. Nf3 d5 8.
Bg5 Be7 9. e3 h6 10. Bh4 Nbd7 11. cxd5 Nxd5 12. Bxe7 Nxe7 13. Be2 Nf6
1/2-1/2

[Event "73rd ch-RUS w 2023"]
[Site "St Petersburg RUS"]
[Date "2023.10.01"]
[Round "1"]
[White "Yakimova,Mariya"]
[Black "Kovanova,B"]
[Result "0-1"]
[WhiteElo "2222"]
[BlackElo "2306"]
[EventDate "2023.10.01"]

1. d4 Nf6 2. c4 e6 3. g3 d5 4. Bg2 Bb4+ 5. Nd2 O-O 6. Ngf3 b6 7. O-O Bb7 8.
Ne5 a5 9. a3 Be7 10. b3 Nbd7 11. Bb2 Nxe5 12. dxe5 Nd7 13. cxd5 Bxd5 14.
Bxd5 exd5 15. Nf3 c6 16. Qc2 Rc8 17. Rfd1 Nc5 18. Nd4 Qc7 19. Rac1 Qb7 20.
Qf5 Rfe8 21. b4 axb4 22. axb4 Na4 23. Ba1 c5 24. bxc5 bxc5 25. Rb1 Qa6 26.
Nb5 Red8 27. e3 c4 28. Bd4 Nc5 29. Nc3 Nb3 30. e4 dxe4 31. Be3 Rd3 32. Nd5
Bf8 33. Qxe4 Rxd1+ 34. Rxd1 c3 35. Nxc3 Rxc3 36. Rd8 Rc8 37. Rd7 Nc5 38.
Bxc5 Rxc5 0-1

[Event "73rd ch-RUS w 2023"]
[Site "St Petersburg RUS"]
[Date "2023.10.02"]
[Round "2"]
[White "Gunina,V"]
[Black "Kovanova,B"]
[Result "0-1"]
[WhiteElo "2439"]
[BlackElo "2306"]
[EventDate "2023.10.01"]

1. d4 Nf6 2. c4 e6 3. Nf3 d5 4. Nc3 c6 5. e3 Nbd7 6. Be2 Bd6 7. O-O O-O 8.
a4 h6 9. b3 Qe7 10. Qc2 Re8 11. a5 a6 12. h3 dxc4 13. bxc4 e5 14. c5 Bc7
15. Bc4 exd4 16. exd4 Nf8 17. Re1 Be6 18. d5 cxd5 19. Nxd5 Nxd5 20. Bxd5
Rab8 21. Bb2 Nh7 22. Nd4 Qd7 23. Nxe6 fxe6 24. Bb3 Re7 25. h4 Kh8 26. Ba3
Qd4 27. c6 Ree8 28. cxb7 Rxb7 29. Qg6 Nf6 30. Rad1 Qxh4 31. g3 Qh3 32. Bc2
Rb5 33. Rd7 Rg5 34. Rxc7 Rxg6 35. Bxg6 Ng4 36. Rf7 Qh2+ 37. Kf1 Qh3+ 38.
Kg1 Qh2+ 39. Kf1 Rb8 40. Rxe6 Qh1+ 41. Ke2 Qd5 42. Rfe7 Nf6 43. Rb6 Rd8 44.
Rb1 Qc4+ 45. Kf3 Qg4+ 46. Kg2 Qxg6 47. Rb6 Qf5 48. Rb3 Rd1 49. Rbe3 Qh5 50.
Re1 Rxe1 51. Rxe1 Qxa5 52. Re3 Qd5+ 53. Kg1 a5 54. Bb2 a4 0-1

[Event "73rd ch-RUS w 2023"]
[Site "St Petersburg RUS"]
[Date "2023.10.02"]
[Round "2"]
[White "Shuvalova,Polina"]
[Black "Yakimova,Mariya"]
[Result "1/2-1/2"]
[WhiteElo "2506"]
[BlackElo "2222"]
[EventDate "2023.10.01"]

1. d4 Nf6 2. c4 g6 3. Nc3 Bg7 4. e4 d6 5. Nf3 O-O 6. Be2 Nbd7 7. Be3 e5 8.
d5 Ng4 9. Bg5 f6 10. Bd2 f5 11. Ng5 Nc5 12. f3 f4 13. h4 Ne3 14. Bxe3 fxe3
15. g3 Bf6 16. Qc2 Bxg5 17. hxg5 Qxg5 18. Rg1 c6 19. O-O-O a5 20. Kb1 Bd7
21. dxc6 Bxc6 22. Rxd6 Rad8 23. Rxd8 Rxd8 24. Nd5 Ne6 25. Qd3 h5 26. Qd1
Kg7 27. f4 exf4 28. gxf4 Bxd5 29. exd5 Qxf4 30. Qb3 Qf2 31. Qd1 Nf4 32. Rf1
Qxe2 33. Qd4+ Kh7 34. Rxf4 Qe1+ 35. Kc2 Rd7 36. Re4 Qd2+ 37. Qxd2 exd2 38.
Kxd2 Kh6 39. Ke3 Kg5 40. Kf3 Kf5 41. b3 g5 42. Re8 Rd6 43. Rf8+ Rf6 44. Rh8
Ke5+ 1/2-1/2

[Event "73rd ch-RUS w 2023"]
[Site "St Petersburg RUS"]
[Date "2023.10.02"]
[Round "2"]
[White "Bivol,A"]
[Black "Korneva,Marina"]
[Result "1-0"]
[WhiteElo "2373"]
[BlackElo "2361"]
[EventDate "2023.10.01"]

1. e4 c6 2. d4 d5 3. f3 e6 4. Nc3 Bb4 5. Bd2 Ne7 6. a3 Ba5 7. Bd3 Nd7 8. f4
O-O 9. e5 f5 10. Nf3 Bxc3 11. Bxc3 c5 12. O-O Nc6 13. Be2 b6 14. b4 a6 15.
Be1 c4 16. a4 Re8 17. c3 Nf8 18. Kh1 Ne7 19. Bh4 Nfg6 20. Bxe7 Qxe7 21. Qd2
Rf8 22. Ng5 Bd7 23. a5 b5 24. Qe3 h6 25. Nh3 Nh8 26. g4 g6 27. Qg3 Kh7 28.
Rg1 Rg8 29. Rg2 Rg7 30. Rag1 Rf8 31. Bf3 fxg4 32. Bxg4 Be8 33. Bd1 Rgg8 34.
Bc2 Rg7 35. Nf2 h5 36. Nh3 Kg8 37. Qf2 Qf7 38. Rg5 Qe7 39. f5 exf5 40. Nf4
Rff7 41. Qg2 Qb7 42. h4 Re7 43. Kh2 Kf8 44. Bd1 Kg8 45. Bf3 1-0

[Event "73rd ch-RUS w 2023"]
[Site "St Petersburg RUS"]
[Date "2023.10.02"]
[Round "2"]
[White "Shukhman,Anna"]
[Black "Pogonina,N"]
[Result "1/2-1/2"]
[WhiteElo "2232"]
[BlackElo "2432"]
[EventDate "2023.10.01"]

1. e4 e5 2. Nf3 Nc6 3. Bb5 a6 4. Ba4 Nf6 5. O-O Be7 6. Re1 b5 7. Bb3 O-O 8.
a4 Bb7 9. d3 d6 10. c3 Na5 11. Bc2 c5 12. d4 Qc7 13. d5 Rfb8 14. b4 Nc4 15.
a5 Bc8 16. h3 Bd7 17. Bd3 g6 18. Bxc4 bxc4 19. bxc5 Qxc5 20. Ba3 Qxa5 21.
Nbd2 Qd8 22. Nxc4 Bb5 23. Ncd2 Be8 24. Qc2 Qc7 25. c4 Nd7 26. c5 dxc5 27.
Nc4 f6 28. Rac1 Bf8 29. Red1 Rb5 30. Ne1 Rc8 31. Nd3 Bf7 32. Bb2 Nb6 33. f4
Nxc4 34. Qxc4 Rxb2 35. Nxb2 exf4 36. Qe2 Be8 37. Nc4 Bb5 38. d6 Qf7 39. Qd3
Bc6 40. Na5 Bd7 41. Qd5 Be6 42. Qb7 c4 43. Qxf7+ Kxf7 44. d7 Rd8 45. Kf2
Rxd7 46. Rxd7+ Bxd7 47. Rxc4 Bd6 48. Nb7 Be5 49. Nd8+ Ke7 50. Nc6+ Bxc6 51.
Rxc6 g5 52. Rxa6 Kf7 53. Ra8 Kg7 54. Kf3 h5 55. Rd8 Kh7 56. Rd7+ Kg6 57.
Ra7 Kh6 58. Rb7 1/2-1/2

[Event "73rd ch-RUS w 2023"]
[Site "St Petersburg RUS"]
[Date "2023.10.02"]
[Round "2"]
[White "Badelka,Olga"]
[Black "Matveeva,O"]
[Result "1-0"]
[WhiteElo "2386"]
[BlackElo "2160"]
[EventDate "2023.10.01"]

1. d4 d5 2. c4 c6 3. Nf3 Nf6 4. e3 Bf5 5. Nc3 e6 6. Nh4 Be4 7. f3 Bg6 8.
Qb3 Qc7 9. Bd2 a5 10. Rc1 Be7 11. cxd5 exd5 12. g3 Nbd7 13. Bg2 Qd6 14.
Qxb7 Rb8 15. Qa6 Rxb2 16. Nxg6 hxg6 17. Nd1 Rxa2 18. Rxc6 Qa3 19. Rc3 Qa4
20. Rc8+ Bd8 21. Nc3 Ra1+ 22. Ke2 Qa3 23. Rxa1 Qxa1 24. Rxd8+ Kxd8 25. Qa8+
Ke7 26. Qxh8 Qg1 27. Bf1 1-0

[Event "73rd ch-RUS w 2023"]
[Site "St Petersburg RUS"]
[Date "2023.10.02"]
[Round "2"]
[White "Goltseva,Ekaterina"]
[Black "Garifullina,Leya"]
[Result "0-1"]
[WhiteElo "2338"]
[BlackElo "2402"]
[EventDate "2023.10.01"]

1. Nf3 d5 2. d4 Nf6 3. c4 e6 4. g3 Bb4+ 5. Nbd2 O-O 6. Bg2 b6 7. O-O Bb7 8.
cxd5 exd5 9. Qb3 Bd6 10. Nb1 Nbd7 11. Nc3 c5 12. Rd1 Rc8 13. Bg5 c4 14. Qc2
h6 15. Bxf6 Nxf6 16. Nd2 Qd7 17. a4 Rfe8 18. e4 dxe4 19. Ndxe4 Nxe4 20.
Nxe4 Bf8 21. d5 Re5 22. Nc3 a6 23. Rd4 b5 24. axb5 axb5 25. Rad1 Rce8 26.
h4 f5 27. Bf3 Bc5 28. R4d2 f4 29. g4 b4 30. Ne2 h5 31. Qg6 Bc8 32. gxh5 Qh3
33. h6 Bf8 34. Qg2 Qxh4 35. Qh2 Qg5+ 36. Kf1 Bg4 37. h7+ Kh8 38. Ng1 c3 39.
bxc3 bxc3 40. Rc2 Bf5 41. Rxc3 Bb4 42. Qh5 Bd3+ 43. Ne2 Qxh5 44. Bxh5 Bxe2+
45. Bxe2 Bxc3 0-1

[Event "73rd ch-RUS w 2023"]
[Site "St Petersburg RUS"]
[Date "2023.10.03"]
[Round "3"]
[White "Garifullina,Leya"]
[Black "Gunina,V"]
[Result "1-0"]
[WhiteElo "2402"]
[BlackElo "2439"]
[EventDate "2023.10.01"]

1. e4 c6 2. d4 d5 3. e5 c5 4. dxc5 e6 5. Nf3 Bxc5 6. a3 a6 7. Bd3 Nc6 8. b4
Ba7 9. Bb2 Nge7 10. Nbd2 Ng6 11. c4 Qc7 12. Bxg6 hxg6 13. O-O d4 14. Re1 f6
15. c5 O-O 16. Nc4 Rd8 17. Qd3 g5 18. Nd6 g4 19. exf6 gxf6 20. Nxd4 Ne5 21.
Rxe5 fxe5 22. Nxe6 Bxe6 23. Qg6+ Qg7 24. Qxe6+ Kh7 25. Re1 Qg6 26. Qxe5 Rd7
27. Ne4 Rf8 28. Nf6+ Rxf6 29. Qxf6 Qxf6 30. Bxf6 Kg6 31. Bc3 Rd3 32. Rc1
Kf5 33. Kf1 b6 34. Ke2 Ke4 35. c6 Bb8 36. Bd2 Kd5 1-0

[Event "73rd ch-RUS w 2023"]
[Site "St Petersburg RUS"]
[Date "2023.10.03"]
[Round "3"]
[White "Matveeva,O"]
[Black "Goltseva,Ekaterina"]
[Result "1/2-1/2"]
[WhiteElo "2160"]
[BlackElo "2338"]
[EventDate "2023.10.01"]

1. c4 Nf6 2. g3 e6 3. Bg2 d5 4. Nf3 Be7 5. O-O O-O 6. b3 d4 7. e3 c5 8. Ne5
Qc7 9. f4 Nfd7 10. exd4 cxd4 11. Nd3 Nc6 12. Ba3 Re8 13. Bxe7 Nxe7 14. Na3
a6 15. Nc2 Nc5 16. Nxc5 Qxc5 17. d3 Rb8 18. b4 Qc7 19. Qh5 Rd8 20. Be4 g6
21. Qe5 Qd6 22. Qxd6 Rxd6 23. c5 Rd8 24. Rfc1 f6 25. Na3 Bd7 26. Nc4 Bc6
27. Kf2 Nd5 28. Bxd5 Bxd5 29. Nb6 Bc6 30. a4 e5 31. Rab1 Bd7 32. b5 axb5
33. axb5 Bf5 34. Rb3 Re8 35. c6 bxc6 36. bxc6 Kg7 37. Rb4 h5 38. fxe5 fxe5
39. Ke2 Rf8 40. Rc5 Rf6 41. Nd5 Rff8 42. Rb7+ Kh6 43. Rxb8 Rxb8 44. c7 Rb2+
45. Ke1 Rxh2 46. Ne7 Bh3 47. c8=Q Bxc8 48. Nxc8 Rg2 49. Rxe5 Rxg3 50. Ke2
h4 51. Re8 Rg2+ 52. Kf3 Rd2 53. Kg4 Rxd3 54. Kxh4 Re3 55. Rxe3 dxe3 56. Kg3
e2 1/2-1/2

[Event "73rd ch-RUS w 2023"]
[Site "St Petersburg RUS"]
[Date "2023.10.03"]
[Round "3"]
[White "Pogonina,N"]
[Black "Badelka,Olga"]
[Result "0-1"]
[WhiteElo "2432"]
[BlackElo "2386"]
[EventDate "2023.10.01"]

1. d4 d5 2. c4 e6 3. Nf3 Nf6 4. Nc3 c6 5. e3 Nbd7 6. Qc2 Bd6 7. Bd3 dxc4 8.
Bxc4 b5 9. Be2 Bb7 10. O-O O-O 11. Bd2 a6 12. Ne4 Nxe4 13. Qxe4 Qe7 14.
Rac1 f5 15. Qc2 c5 16. dxc5 Nxc5 17. Ba5 Rac8 18. b4 Ne4 19. Qb2 g5 20. Nd2
g4 21. Nxe4 Bxe4 22. Rxc8 Rxc8 23. Rc1 Qb7 24. Bf1 Rxc1 25. Qxc1 Qc6 26.
Qb2 e5 27. Qd2 Kf7 28. a3 Ke6 29. Qa2+ Qd5 30. Qa1 Qb3 31. h3 gxh3 32. gxh3
Kd7 33. Kh2 Qc2 34. Qe1 Bf3 35. Bg2 e4+ 36. Kg1 Qb2 37. Bxf3 exf3 38. Kh1
Qg7 39. Qf1 Kc6 40. Qc1+ Kb7 41. Qf1 Qg8 42. h4 Qg4 43. Bd8 h6 44. Bf6 Kc7
45. Qc1+ Kd7 46. Qf1 Ke8 47. a4 Kf7 48. Bd8 bxa4 0-1

[Event "73rd ch-RUS w 2023"]
[Site "St Petersburg RUS"]
[Date "2023.10.03"]
[Round "3"]
[White "Korneva,Marina"]
[Black "Shukhman,Anna"]
[Result "1-0"]
[WhiteElo "2361"]
[BlackElo "2232"]
[EventDate "2023.10.01"]

1. d4 Nf6 2. c4 e6 3. Nf3 d5 4. g3 Bb4+ 5. Bd2 Bd6 6. Bg2 O-O 7. O-O c6 8.
Qc2 Nbd7 9. Nc3 dxc4 10. Rfd1 Qe7 11. Bg5 h6 12. Bxf6 Nxf6 13. Nd2 e5 14.
d5 cxd5 15. Nxd5 Nxd5 16. Bxd5 Bh3 17. Nxc4 Rac8 18. Qe4 Bb8 19. Ne3 Kh8
20. Nf5 Qg5 21. Nh4 Bg4 22. Bxb7 Rce8 23. Bc6 Rc8 24. Bd7 f5 25. Qe3 Qf6
26. Bxc8 Rxc8 27. Rac1 Rf8 28. Qc5 Kh7 29. f3 Bh5 30. Qc6 Qg5 31. Ng2 a5
32. Qb7 e4 33. f4 Qg4 34. Rc2 Qg6 35. Rd7 Bd6 36. Qd5 Bb8 37. Qd4 Rg8 38.
b3 Qa6 39. Ne3 Be8 40. Re7 Bg6 41. Kf2 Kh8 42. a3 1-0

[Event "73rd ch-RUS w 2023"]
[Site "St Petersburg RUS"]
[Date "2023.10.03"]
[Round "3"]
[White "Yakimova,Mariya"]
[Black "Bivol,A"]
[Result "1/2-1/2"]
[WhiteElo "2222"]
[BlackElo "2373"]
[EventDate "2023.10.01"]

1. d4 d5 2. c4 e6 3. Nf3 Nf6 4. g3 Nc6 5. Bg2 Bd6 6. O-O O-O 7. b3 dxc4 8.
bxc4 e5 9. e3 exd4 10. exd4 Re8 11. Nc3 Bg4 12. Be3 Bf8 13. Rb1 b6 14. h3
Bf5 15. Rb5 Bd7 16. Rb2 Rc8 17. Qd3 g6 18. Nh4 Bg7 19. Rd2 Ne7 20. Nf3 Bf5
21. Qe2 Ne4 22. Nxe4 Bxe4 23. Bg5 Bxf3 24. Qxf3 h6 25. Bf4 Nf5 26. d5 Qe7
27. Qd3 h5 28. h4 Bh6 29. Bxh6 Nxh6 30. Bh3 Rcd8 31. Qd4 Qe5 32. Rc1 Qxd4
33. Rxd4 c5 34. Rd3 Rd6 35. Kf1 f5 36. Ra3 Re7 37. Ra6 Nf7 38. f3 Ne5 39.
Rc3 Kf8 40. Kf2 Rb7 41. Ke3 Ke7 42. Kf4 Kf6 43. Bf1 Re7 44. Re3 Rdd7 45. a4
Nc6 46. Rxe7 Nxe7 47. Ke3 Nc8 48. a5 Re7+ 49. Kf4 Re1 50. Bd3 Rd1 51. Ke3
Re1+ 52. Kf4 Rd1 53. Ke3 Re1+ 54. Kf2 Rd1 55. Ke2 Rg1 56. Kf2 Rd1 57. Ke2
Rg1 58. axb6 axb6 59. Kf2 Rd1 60. Be2 Rb1 61. Ra8 Nd6 62. Rd8 Ke7 63. Rg8
Kf7 64. Rd8 Ke7 65. Rg8 1/2-1/2

[Event "73rd ch-RUS w 2023"]
[Site "St Petersburg RUS"]
[Date "2023.10.03"]
[Round "3"]
[White "Kovanova,B"]
[Black "Shuvalova,Polina"]
[Result "1/2-1/2"]
[WhiteElo "2306"]
[BlackElo "2506"]
[EventDate "2023.10.01"]

1. e4 c5 2. Nf3 Nc6 3. d4 cxd4 4. Nxd4 e5 5. Nb5 d6 6. N1c3 a6 7. Na3 Be7
8. Bc4 Nf6 9. Bg5 b5 10. Bxf6 Bxf6 11. Bd5 Bd7 12. Ne2 O-O 13. c3 Rb8 14.
Nc2 Ne7 15. Bb3 Bc6 16. Ng3 a5 17. Ne3 a4 18. Bd5 Nxd5 19. Nxd5 a3 20. b3
g6 21. O-O Bg7 22. Qd3 h5 23. Rfd1 Ba8 24. Rac1 h4 25. Nf1 f5 26. c4 bxc4
1/2-1/2

[Event "73rd ch-RUS w 2023"]
[Site "St Petersburg RUS"]
[Date "2023.10.04"]
[Round "4"]
[White "Gunina,V"]
[Black "Shuvalova,Polina"]
[Result "1-0"]
[WhiteElo "2439"]
[BlackElo "2506"]
[EventDate "2023.10.01"]

1. d4 Nf6 2. c4 e6 3. Nf3 d5 4. Nc3 Nbd7 5. Bf4 dxc4 6. e3 Bd6 7. Bg3 Bxg3
8. hxg3 O-O 9. Bxc4 c5 10. e4 cxd4 11. Qxd4 Nb6 12. Bb3 Qxd4 13. Nxd4 Rd8
14. Rd1 Bd7 15. f4 Be8 16. Ke2 Nfd7 17. e5 Nc5 18. Bc2 h6 19. g4 a5 20. Ne4
Nxe4 21. Bxe4 Rd7 22. Nf3 Rc8 23. f5 Rc4 24. Ke3 Kf8 25. fxe6 fxe6 26. g5
hxg5 27. Rd6 Rxd6 28. Rh8+ Kf7 29. exd6 Rc5 30. b3 Nd7 31. Bxb7 g4 32. Nd2
Nf6 33. Kd4 Rb5 34. Nc4 e5+ 35. Nxe5+ Ke6 36. Rxe8+ Kxd6 37. Nc4+ Kd7 38.
Re5 Rxb7 39. Rxa5 Rc7 40. b4 Ke6 41. Re5+ Kf7 42. b5 Rd7+ 43. Kc3 Nd5+ 44.
Kb3 Kf6 45. Re4 Nc7 46. a4 Rd3+ 47. Kb4 Rg3 48. Kc5 Rxg2 49. Kd6 g3 50. Ne3
Nxb5+ 51. axb5 Rb2 52. Kc6 g2 53. Rg4 Rb3 54. Nd5+ 1-0

[Event "73rd ch-RUS w 2023"]
[Site "St Petersburg RUS"]
[Date "2023.10.04"]
[Round "4"]
[White "Bivol,A"]
[Black "Kovanova,B"]
[Result "0-1"]
[WhiteElo "2373"]
[BlackElo "2306"]
[EventDate "2023.10.01"]

1. e4 c5 2. Nf3 Nc6 3. Bb5 g6 4. O-O Bg7 5. c3 Nf6 6. Qa4 O-O 7. e5 Ne8 8.
Bxc6 dxc6 9. Qh4 Bf5 10. d4 cxd4 11. cxd4 f6 12. Nc3 g5 13. Nxg5 fxg5 14.
Bxg5 Rf7 15. Rad1 Qd7 16. Rfe1 Nc7 17. h3 Raf8 18. Ne4 Bxe4 19. Rxe4 Ne6
20. f3 Nxg5 21. Qxg5 e6 22. Qc1 Rf5 23. b3 Kh8 24. Rde1 Qe7 25. Rg4 Rd8 26.
Rge4 Rd5 27. f4 Rf8 28. Qe3 Bh6 29. g3 Rfd8 30. Rc1 Qd7 31. Rc4 Bf8 32. Qc3
c5 33. dxc5 Rd3 34. Qb4 Rxg3+ 35. Kh2 Qd3 0-1

[Event "73rd ch-RUS w 2023"]
[Site "St Petersburg RUS"]
[Date "2023.10.04"]
[Round "4"]
[White "Shukhman,Anna"]
[Black "Yakimova,Mariya"]
[Result "1-0"]
[WhiteElo "2232"]
[BlackElo "2222"]
[EventDate "2023.10.01"]

1. d4 Nf6 2. Nc3 d5 3. Bf4 a6 4. e3 b5 5. Bd3 Bb7 6. Nf3 e6 7. O-O c5 8.
Ne5 c4 9. Be2 Bd6 10. Bf3 Qc7 11. Re1 O-O 12. a4 b4 13. Nb1 Rc8 14. Nd2 c3
15. bxc3 bxc3 16. Nb3 a5 17. Nd3 Bxf4 18. exf4 Ba6 19. f5 exf5 20. Ndc5 Bc4
21. Re3 Bxb3 22. cxb3 Nc6 23. Rxc3 Qf4 24. Rac1 Qxd4 25. Rd3 Qh4 26. g3 Qh3
27. Bg2 Qh6 28. Bxd5 Ng4 29. h4 Nge5 30. Rdc3 Ra7 31. f4 Ng4 32. Nb7 Rxb7
33. Rxc6 Rbc7 34. Bxf7+ Kxf7 35. Rxc7+ Rxc7 36. Rxc7+ Kg6 37. Qxg4+ fxg4
38. Rc6+ Kf5 39. Rxh6 gxh6 40. Kf2 Ke4 41. Ke2 Kd4 42. f5 1-0

[Event "73rd ch-RUS w 2023"]
[Site "St Petersburg RUS"]
[Date "2023.10.04"]
[Round "4"]
[White "Badelka,Olga"]
[Black "Korneva,Marina"]
[Result "1-0"]
[WhiteElo "2386"]
[BlackElo "2361"]
[EventDate "2023.10.01"]

1. e4 c6 2. Nf3 d5 3. Nc3 Bg4 4. h3 Bxf3 5. Qxf3 e6 6. Be2 Bc5 7. O-O Ne7
8. Na4 Bd6 9. d4 dxe4 10. Qxe4 Nd7 11. Rd1 O-O 12. c4 Nf6 13. Qf3 Nf5 14.
Nc3 a6 15. g3 Qe7 16. Bd3 Nxd4 17. Bxh7+ Nxh7 18. Rxd4 Be5 19. Re4 Ng5 20.
Bxg5 Qxg5 21. Rae1 Bxc3 22. Qxc3 Rad8 23. Rg4 Qh6 24. h4 Rfe8 25. Rd4 Qh5
26. Re5 Qh6 27. Re3 c5 28. Rd2 Rxd2 29. Qxd2 Qf6 30. Qd7 Qe7 31. Rd3 Kf8
32. a3 f6 33. Kg2 Kf7 34. Rd6 f5 35. Kf3 Kf6 36. Ke3 Qxd7 37. Rxd7 Re7 38.
Rd8 Rc7 39. Rb8 e5 40. f3 Ke6 41. Re8+ Kf6 42. Rf8+ Ke6 43. h5 Rd7 44. Rc8
b6 45. g4 fxg4 46. fxg4 Rd6 47. Rc7 Kf6 48. b3 Rd4 49. Rc6+ Kf7 50. g5 Rh4
51. g6+ Ke7 52. Rxb6 Rxh5 53. Rxa6 Rh3+ 54. Ke4 Rxb3 55. Kxe5 1-0

[Event "73rd ch-RUS w 2023"]
[Site "St Petersburg RUS"]
[Date "2023.10.04"]
[Round "4"]
[White "Goltseva,Ekaterina"]
[Black "Pogonina,N"]
[Result "1/2-1/2"]
[WhiteElo "2338"]
[BlackElo "2432"]
[EventDate "2023.10.01"]

1. d4 Nf6 2. c4 e6 3. g3 d5 4. Bg2 Bb4+ 5. Nc3 O-O 6. Nf3 b6 7. O-O Bb7 8.
Ne5 Nbd7 9. Qa4 Nxe5 10. dxe5 Bxc3 11. bxc3 Ne4 12. Qc2 Qe7 13. a4 Rfd8 14.
Be3 Rab8 15. a5 Nc5 16. axb6 axb6 17. Ra7 Bc6 18. Bd4 Ra8 19. Rfa1 h6 20.
Rxa8 Bxa8 21. Ra7 Bc6 22. Qa2 Qd7 23. cxd5 Bxd5 24. Bxd5 exd5 25. Bxc5 bxc5
26. Qa5 Qf5 27. Qxc7 Qb1+ 28. Kg2 Qe4+ 29. Kh3 Rf8 30. Qxc5 Qxe2 31. Qd4
Qf1+ 32. Kg4 Qe2+ 33. Kh3 Qf1+ 34. Kg4 Qe2+ 35. Kh3 1/2-1/2

[Event "73rd ch-RUS w 2023"]
[Site "St Petersburg RUS"]
[Date "2023.10.04"]
[Round "4"]
[White "Garifullina,Leya"]
[Black "Matveeva,O"]
[Result "1-0"]
[WhiteElo "2402"]
[BlackElo "2160"]
[EventDate "2023.10.01"]

1. e4 c5 2. Nf3 e6 3. d4 cxd4 4. Nxd4 Nf6 5. Nc3 Nc6 6. Nxc6 bxc6 7. e5 Nd5
8. Ne4 Qc7 9. f4 Qb6 10. c4 Bb4+ 11. Ke2 f5 12. Nf2 Ba6 13. Kf3 Ne7 14. Be3
Bc5 15. Bxc5 Qxc5 16. Qd6 Qb6 17. b3 c5 18. Rd1 Kf7 19. Qxb6 axb6 20. Rxd7
Rhd8 21. Rxd8 Rxd8 22. Ke3 Bb7 23. Rg1 Nc6 24. Bd3 g5 25. fxg5 Nxe5 26. Be2
Kg6 27. h4 Nc6 28. Bf3 e5 29. Bd5 Na5 30. Rd1 Bxd5 31. Rxd5 Rxd5 32. cxd5
c4 33. d6 cxb3 34. axb3 Nxb3 35. Nd3 Kf7 36. Nxe5+ Ke6 37. d7 Ke7 38. h5
f4+ 39. Kxf4 Nd4 40. g6 hxg6 41. h6 Ne6+ 42. Ke3 Kf6 43. Nc6 g5 44. d8=Q+
Nxd8 45. Nxd8 Kg6 46. Ke4 Kxh6 1-0

[Event "73rd ch-RUS w 2023"]
[Site "St Petersburg RUS"]
[Date "2023.10.05"]
[Round "5"]
[White "Matveeva,O"]
[Black "Gunina,V"]
[Result "1/2-1/2"]
[WhiteElo "2160"]
[BlackElo "2439"]
[EventDate "2023.10.01"]

1. e4 c6 2. Nc3 d5 3. Nf3 dxe4 4. Nxe4 Nf6 5. Qe2 Nxe4 6. Qxe4 Nd7 7. Bc4
Nf6 8. Ne5 e6 9. Qe2 b5 10. Bd3 Qc7 11. a4 Bd6 12. Nxc6 b4 13. Nd4 a6 14.
Nf5 O-O 15. Nxd6 Qxd6 16. b3 e5 17. Bb2 Re8 18. h3 Bb7 19. O-O-O Bxg2 20.
Rhg1 Bd5 21. Rg5 e4 22. Rdg1 g6 23. Bc4 Rac8 24. Rxd5 Nxd5 25. Qh5 Rxc4 26.
bxc4 Qh2 27. Rxg6+ fxg6 28. Qxd5+ Kf8 29. Qc5+ Kf7 30. Qd5+ Re6 31. Qd7+
Re7 32. Qd5+ Re6 33. Qd7+ Re7 34. Qd5+ Re6 35. Qd7+ Re7 36. Qd5+ Re6
1/2-1/2